| 000 | 01853nam a22003017a 4500 | ||
|---|---|---|---|
| 005 | 20240530110338.0 | ||
| 008 | 141023s2010 le gr 001 0dara d | ||
| 020 | _a9789953823638 | ||
| 040 | _aEG-CaGPL | ||
| 082 | 0 | 4 |
_221 _a327.17\ _bم ح |
| 110 | 0 | _aمركز دراسات الوحدة العربية | |
| 245 | 1 | 2 |
_aالحوار العربى التركى بين الماض والحاضر : _bبحوث ومناقشات الندوة الفكرية التى نظمها مركز دراسات الوحدة العربية والمؤسسة العربية للديمقراطية ومركز الاتجاهات السياسية العالمية gpot استانبول / _cمركز دراسات الوحدة العربية ، اتيان محجوبيان ، على بيرم اوغلو ، مليحة التون ايشيك |
| 260 |
_aبيروت : _bمركز دراسات الوحدة العربية ، _c2010 |
||
| 300 |
_a560 ص ؛ _c24 سم |
||
| 650 | 0 | 4 | _aالتعاون الدولى |
| 650 | 0 | 4 |
_aالحركات الاسلامية _zتركيا |
| 650 | 0 | 4 |
_aالحركات الاسلامية _zالوطن العربى |
| 651 | 0 | 4 |
_aالعالم العربى _xالعلاقات الخارجية _zتركيا |
| 651 | 0 | 4 |
_aالعالم العربى _xالعلاقات الاقتصادية _zتركيا |
| 651 | 0 | 4 |
_aالعالم العربى _xالاحوال السياسية |
| 651 | 0 | 4 |
_aتركيا _xالعلاقات الخارجية _zالعالم العربى |
| 651 | 0 | 4 |
_aتركيا _xالعلاقات الاقتصادية _z العالم العربى |
| 700 |
_aاتيان محجوبيان _eمؤلف مشارك |
||
| 700 |
_aمليحة التون ايشيك _eمؤلف مشارك |
||
| 700 |
_aعلى بيرم اوغلو _eمؤلف مشارك |
||
| 942 |
_2ddc _cBK |
||
| 999 |
_c59831 _d59831 |
||